zpět

Detail výsledku týmu

Na zahradě, Perná

Datum a čas kvízu

25.5 Celkem bodů Celkový počet nahraných bodů na tomto kvízu bez doplňovacích otázek.
4. Pořadí na kvízu Konečné umístění týmu na tomto kvízu.

Zaznamenané odpovědi

# Otázka Odpověď Body Výsledky
1. Policie v Praze řeší případ vo... Šlo o policejní auto. 1
2. Ze kterého důvodu zrušil minul... C 0
3. Minulý týden potvrdili konec s... David Prachař; Linda Rybová 0
4. Na technologickém veletrhu CES... Tamagoči 0
5. Hajar Abdelkader z Egypta minu... Tenis 1
6. Téma o městě, které nikdy nesp... Flatiron (Building)/žehlička 0
7. Seřaďte uvedené události od té... 1D 2B 3C 4A 0
8. Jak si říká tento americký zpě... Lenny Kravitz; New York City 0.5
9. Turisté v NYC míří nejen do di... 1D 2B 3C 4A 1
10. Jak se jmenuje fiktivní město,... Gotham (City); Bronx 1